Vince McMahon's career matches - Statistics

General Stats
  • This quiz has been taken 158 times
    68 since last reset
  • The average score is 13 of 18
Answer Stats
Answer % Correct
Shawn Michaels
97%
"Stone Cold" Steve Austin
97%
Shane McMahon
95%
The Undertaker
95%
Hulk Hogan
92%
Stephanie McMahon
92%
Triple H
87%
Bret "Hitman" Hart
84%
John Cena
79%
Ric Flair
71%
CM Punk
68%
Randy Orton
63%
Brock Lesnar
61%
Bobby Lashley
58%
Pat McAfee
50%
Zach Gowen
47%
Ken Shamrock
42%
Hornswoggle
24%
No matching quizzes found
Score Distribution
Percent of People with Each Score
Percentile by Number Answered
Your Score History
You have not taken this quiz since the last reset